First 10 Countries Invaded by Germany in WWII - Statistics

General Stats
  • This quiz has been taken 2,427 times
  • The average score is 9 of 10
Answer Stats
Answer % Correct
Poland
99%
France
97%
Austria
94%
Belgium
93%
Netherlands
91%
Denmark
87%
Norway
83%
Luxembourg
80%
Czechoslovakia
77%
Yugoslavia
58%
No matching quizzes found
Score Distribution
Percent of People with Each Score
Percentile by Number Answered
Your Score History
You have not taken this quiz